[Event "BCF-chT3E 2223 (4NCL)"]
[Site "England"]
[Date "2023.02.12"]
[Round "6.23"]
[White "Young, Alan J"]
[Black "Punnett, Alan Kenneth"]
[Result "1-0"]
[WhiteElo "2051"]
[BlackElo "2146"]
[PlyCount "101"]
[EventDate "2022.11.05"]
[EventType "team-tourn"]
[EventRounds "11"]
[EventCountry "ENG"]
[SourceTitle "EXT 2024"]
[Source "ChessBase"]
[SourceDate "2023.10.10"]
[SourceVersion "1"]
[SourceVersionDate "2023.10.10"]
[SourceQuality "1"]
[WhiteTeam "Rhyfelwyr Essyllwg"]
[BlackTeam "Guildford Castles"]
[WhiteTeamCountry "ENG"]
[BlackTeamCountry "ENG"]

1. e4 e6 2. d4 d5 3. Nc3 Nf6 4. Bg5 dxe4 5. Nxe4 Be7 6. Bxf6 gxf6 7. Nf3 f5 8. Nc3 a6 9. g3 c5 10. d5 Bf6 11. Qd2 e5 12. h4 0-0 13. Bg2 b5 14. a3 Nd7 15. 0-0 Nb6 16. Rad1 Bb7 17. Ng5 Nc4 18. Qc1 h6 19. Nf3 Kg7 20. Nd2 Nd6 21. Rfe1 Rc8 22. Nf1 b4 23. Ne2 a5 24. c4 bxc3 25. Nxc3 Ba6 26. Ne3 Rb8 27. Bh3 Bc8 28. Bg2 Bd7 29. Bf1 Qb6 30. Rd2 Qb3 31. Ne2 Ne4 32. Rc2 f4 33. gxf4 exf4 34. Nxf4 Bxb2 35. Qd1 Kh7 36. Bd3 Rg8+ 37. Kh1 f5 38. Qh5 Be5 39. Nxf5 Bxf4 40. Nxh6 Rg6 41. Nf5+ Bh6 42. Nxh6 Rbb6 43. Nf5+ Kg8 44. Ne7+ Kg7 45. Qe5+ Rbf6 46. Qxe4 Bg4 47. f4 Rh6 48. Rh2 c4 49. Qg2 Rxf4 50. Be2 Qe3 51. Qxg4+ 1-0

[Event "South Wales New Year op"]
[Site "Bridgend"]
[Date "2023.01.08"]
[Round "5"]
[White "Fathallah, Joe"]
[Black "Young, Alan J"]
[Result "1-0"]
[WhiteElo "1971"]
[BlackElo "2062"]
[PlyCount "93"]
[EventDate "2023.01.06"]
[EventType "swiss"]
[EventRounds "5"]
[EventCountry "WLS"]
[SourceTitle "EXT 2024"]
[Source "ChessBase"]
[SourceDate "2023.10.10"]
[SourceVersion "1"]
[SourceVersionDate "2023.10.10"]
[SourceQuality "1"]

1. d4 d5 2. c4 dxc4 3. e4 e5 4. Nf3 exd4 5. Bxc4 Nc6 6. 0-0 Be6 7. Bxe6 fxe6 8. Qb3 Qd7 9. Qxb7 Rb8 10. Qa6 Nf6 11. Nbd2 Bd6 12. e5 Bxe5 13. Nxe5 Nxe5 14. Qxa7 0-0 15. b3 Ra8 16. Qc5 Nd3 17. Qc4 Nf4 18. Re1 Rad8 19. Nf3 N6h5 20. Bxf4 Nxf4 21. g3 Nh3+ 22. Kg2 Rxf3 23. Kxf3 c5 24. Kg2 Ng5 25. f3 Qf7 26. Qd3 Rf8 27. h4 Nxf3 28. Rf1 Ne5 29. Rxf7 Nxd3 30. Rxf8+ Kxf8 31. Kf3 Ke7 32. Rf1 Kd6 33. Ke4 Ne5 34. a4 Nc6 35. Rf8 Na5 36. Rd8+ Kc7 37. Rg8 Nxb3 38. Rxg7+ Kd6 39. Kd3 Ke5 40. Rxh7 Na5 41. Rh5+ Kd6 42. Rg5 e5 43. h5 Kd5 44. h6 c4+ 45. Kc2 Ke4 46. Rxe5+ Kxe5 47. h7 1-0

[Event "South Wales Late Summer op"]
[Site "Cardiff"]
[Date "2022.09.03"]
[Round "3"]
[White "Young, Alan J"]
[Black "Duke, Dillan"]
[Result "1/2-1/2"]
[WhiteElo "2088"]
[BlackElo "1896"]
[PlyCount "73"]
[EventDate "2022.09.02"]
[EventType "swiss"]
[EventRounds "5"]
[EventCountry "WLS"]
[SourceTitle "EXT 2024"]
[Source "ChessBase"]
[SourceDate "2023.10.10"]
[SourceVersion "1"]
[SourceVersionDate "2023.10.10"]
[SourceQuality "1"]

1. e4 e6 2. d4 d5 3. Nc3 dxe4 4. Nxe4 Nd7 5. Nf3 Ngf6 6. Nxf6+ Nxf6 7. Bd3 c5 8. 0-0 cxd4 9. Nxd4 Bc5 10. Nb3 Bb6 11. Bg5 Bd7 12. Qe2 Bc6 13. Bb5 Bxb5 14. Qxb5+ Qd7 15. Qe2 0-0 16. Rfd1 Qc6 17. Bxf6 gxf6 18. Rd3 Kh8 19. Rad1 Rg8 20. Qf3 Qxf3 21. Rxf3 Rad8 22. Rfd3 Kg7 23. Kf1 Rxd3 24. Rxd3 Rd8 25. Rxd8 Bxd8 26. Nc5 b6 27. Nd3 Be7 28. Ke2 Bd6 29. Ke3 f5 30. c4 Kf6 31. f4 Ke7 32. b4 f6 33. Kd4 h5 34. c5 bxc5+ 35. bxc5 Bc7 36. g3 Kd7 37. a4 1/2-1/2

[Event "Bridgend WCU"]
[Site "Bridgend"]
[Date "2022.03.13"]
[Round "4"]
[White "Bullen, Alex"]
[Black "Young, Alan J"]
[Result "1/2-1/2"]
[WhiteElo "2056"]
[BlackElo "2092"]
[PlyCount "73"]
[EventDate "2022.03.06"]
[EventType "tourn"]
[EventRounds "5"]
[EventCountry "WLS"]
[SourceTitle "EXT 2023"]
[Source "ChessBase"]
[SourceDate "2022.10.05"]
[SourceVersion "1"]
[SourceVersionDate "2022.10.05"]
[SourceQuality "1"]

1. d4 Nf6 2. Nf3 d5 3. e3 Bg4 4. c4 c6 5. Nc3 e6 6. h3 Bh5 7. Qb3 Qb6 8. g4 Bg6 9. Ne5 Nbd7 10. Nxg6 hxg6 11. Bg2 Qc7 12. Bd2 g5 13. 0-0-0 Be7 14. Kb1 Nb6 15. cxd5 Nfxd5 16. Nxd5 cxd5 17. Ba5 Qc4 18. Rc1 Qxb3 19. axb3 Bd6 20. Rc2 Ke7 21. Rhc1 Rac8 22. Rxc8 Rxc8 23. Rxc8 Nxc8 24. Kc2 Kd7 25. Bd2 f6 26. e4 Ne7 27. Kd3 Kc6 28. f3 b6 29. Bf1 a5 30. Be1 Ng6 31. Ke3 Bb4 32. Bg3 Bd6 33. Bf2 Bf4+ 34. Kd3 Bd6 35. Kc2 Bb4 36. exd5+ exd5 37. Bg3 1/2-1/2

[Event "West Wales op"]
[Site "Swansea"]
[Date "2019.10.13"]
[Round "4"]
[White "Makkar, Rajat"]
[Black "Young, Alan J"]
[Result "1-0"]
[WhiteElo "2135"]
[BlackElo "2015"]
[PlyCount "71"]
[EventDate "2019.10.11"]
[EventType "swiss"]
[EventRounds "5"]
[EventCountry "WLS"]
[SourceTitle "EXT 2022"]
[Source "ChessBase"]
[SourceDate "2021.10.06"]
[SourceVersion "1"]
[SourceVersionDate "2021.10.06"]
[SourceQuality "1"]

1. d4 d5 2. c4 e6 3. Nf3 Nf6 4. g3 Bb4+ 5. Bd2 Bd6 6. Bg2 c6 7. 0-0 Nbd7 8. Qc2 Ne4 9. Ne1 Nxd2 10. Nxd2 Nf6 11. Nd3 0-0 12. Rad1 Qc7 13. e4 dxe4 14. Nxe4 Nxe4 15. Bxe4 g6 16. Rfe1 Rd8 17. b4 a5 18. a3 Bf8 19. Qb2 axb4 20. Nxb4 Qa5 21. Rd3 c5 22. dxc5 Rxd3 23. Nxd3 Bxc5 24. a4 Bd7 25. Qxb7 Rd8 26. Ra1 Bd4 27. Ra2 Qc3 28. Qc7 Bf6 29. a5 Qb3 30. Ra1 Be8 31. a6 Qc3 32. Rc1 Qa3 33. a7 Rxd3 34. Bxd3 Qxc1+ 35. Bf1 Qa1 36. Qb8 1-0

[Event "WLS-ch 65th"]
[Site "Cardiff"]
[Date "2019.04.22"]
[Round "6"]
[White "Young, Alan J"]
[Black "Fathallah, Joe"]
[Result "1-0"]
[WhiteElo "2021"]
[BlackElo "1958"]
[PlyCount "91"]
[EventDate "2019.04.19"]
[EventType "swiss"]
[EventRounds "7"]
[EventCountry "WLS"]
[SourceTitle "CBM 189 Extra"]
[Source "ChessBase"]
[SourceDate "2019.06.03"]
[SourceVersion "1"]
[SourceVersionDate "2019.06.03"]
[SourceQuality "1"]

1. e4 e6 2. d4 d5 3. Nc3 Nf6 4. Bg5 Be7 5. e5 Nfd7 6. h4 a6 7. Qg4 Bxg5 8. hxg5 c5 9. dxc5 Nc6 10. 0-0-0 Ndxe5 11. Qg3 Qa5 12. f4 Nc4 13. Bxc4 dxc4 14. g6 f6 15. Rxh7 Rg8 16. Kb1 Bd7 17. Nge2 0-0-0 18. Ne4 Be8 19. Rxd8+ Qxd8 20. Nd6+ Kb8 21. f5 e5 22. Qc3 Ne7 23. Qxc4 Bb5 24. Qg4 Nc8 25. Rh1 Bxe2 26. Qxe2 Nxd6 27. Rd1 Qc8 28. cxd6 Qxf5 29. Qc4 Rc8 30. Qb3 Rd8 31. Qf7 Rd7 32. b3 e4 33. Rd5 Rxf7 34. Rxf5 Rd7 35. Rd5 b5 36. c4 bxc4 37. bxc4 Kb7 38. c5 Kc6 39. Rf5 Rb7+ 40. Kc2 e3 41. Kd3 Rb2 42. Kxe3 Rxg2 43. Rd5 Kxd5 44. d7 Kxc5 45. d8Q Rxg6 46. Qd4+ 1-0